000 00222nam a2200121Ia 4500
100 _aMORRIS JAMES
942 _cBK
245 _aTHE HASHMITE KINGS
260 _b#N/A
300 _a231
546 _aENGLISH
999 _c28659
_d28659